000
00270nam a2200109Ia 4500
008
200302s9999 xx 000 0 und d
100
_a
Sunil Mehra
245
_a
Rajasthan Una Aventura Interminable
260
_b
Lustre Press Pvt. Ltd.
260
_c
1993
300
_a
104 P.,
999
_c
1617
_d
1617